| 000 | 00834cam a2200265 a 4500 | ||
|---|---|---|---|
| 001 | 14705637 | ||
| 005 | 20180313080625.0 | ||
| 008 | 070122s2008 njua bf 001 0 eng | ||
| 010 | _a 2007002233 | ||
| 020 | _a0132237555 (pbk.) | ||
| 020 | _a9780132237550 (pbk.) | ||
| 035 | _a(OCoLC)ocm79861333 | ||
| 035 | _a(OCoLC)79861333 | ||
| 040 |
_aDLC _cDLC _dYDX _dBAKER _dBTCTA _dYDXCP _dDLC |
||
| 041 | _aeng | ||
| 080 | _a658.802 buk | ||
| 082 | 0 | 0 |
_a658.802 buk _222 |
| 100 | 1 | _a58 | |
| 101 | _amar | ||
| 245 | 1 | 4 |
_aThe marketing plan handbook / _cMarian Burk Wood. |
| 504 | _aIncludes bibliographical references (p. 168-180) and index. | ||
| 906 |
_a7 _bcbc _corignew _d1 _eecip _f20 _gy-gencatlg |
||
| 942 |
_2ddc _cBK |
||
| 999 |
_c44886 _d44886 |
||